<?xml version="1.0" encoding="UTF-8"?>
<marc:record xmlns:marc="http://www.loc.gov/MARC21/slim">
   <marc:leader>00000nam a2200000 a 4500</marc:leader>
   <marc:datafield ind1="1" ind2=" " tag="100">
      <marc:subfield code="a">Stegemann, Thomas</marc:subfield>
      <marc:subfield code="4">edt</marc:subfield>
      <marc:subfield code="e">Bearbeiter/-in</marc:subfield>
   </marc:datafield>
   <marc:datafield ind1="1" ind2=" " tag="100">
      <marc:subfield code="a">Böhm-Öppinger, Siegfried</marc:subfield>
      <marc:subfield code="4">ctb</marc:subfield>
      <marc:subfield code="e">Mitwirkende/-r</marc:subfield>
   </marc:datafield>
   <marc:datafield ind1="1" ind2=" " tag="100">
      <marc:subfield code="a">Fitzthum, Elena</marc:subfield>
      <marc:subfield code="4">edt</marc:subfield>
      <marc:subfield code="e">Bearbeiter/-in</marc:subfield>
   </marc:datafield>
   <marc:datafield ind1=" " ind2=" " tag="653">
      <marc:subfield code="a">Musiktherapie</marc:subfield>
   </marc:datafield>
   <marc:datafield ind1=" " ind2=" " tag="653">
      <marc:subfield code="a">Softcover / Musik/Sonstiges</marc:subfield>
   </marc:datafield>
   <marc:datafield ind1=" " ind2=" " tag="653">
      <marc:subfield code="a">Aufsatzsammlung</marc:subfield>
   </marc:datafield>
   <marc:datafield ind1="0" ind2="0" tag="245">
      <marc:subfield code="a">Wiener Ringvorlesung Musiktherapie</marc:subfield>
   </marc:datafield>
   <marc:datafield ind1="0" ind2="0" tag="245">
      <marc:subfield code="b">Grundlagen und Anwendungsfelder der Musiktherapie ; ein Kurzlehrbuch</marc:subfield>
   </marc:datafield>
   <marc:datafield ind1="0" ind2="0" tag="245">
      <marc:subfield code="c">Thomas Stegemann &amp; Elena Fitzthum (Hrsg.). [Unter Mitarb. von: Siegfried Böhm-Öppinger ...</marc:subfield>
   </marc:datafield>
   <marc:datafield ind1=" " ind2="1" tag="264">
      <marc:subfield code="a">Wien</marc:subfield>
      <marc:subfield code="b">Praesens-Verl.</marc:subfield>
      <marc:subfield code="c">2014</marc:subfield>
   </marc:datafield>
   <marc:datafield ind1="1" ind2=" " tag="490">
      <marc:subfield code="a">Wiener Beiträge zur Musiktherapie</marc:subfield>
      <marc:subfield code="v">Bd. 11</marc:subfield>
   </marc:datafield>
   <marc:datafield ind1="1" ind2=" " tag="520">
      <marc:subfield code="a">Angaben aus der Verlagsmeldung

Wiener Beiträge zur Musiktherapie Wiener Beiträge zur Musiktherapie / Wiener Ringvorlesung Musiktherapie : Grundlagen und Anwendungsfelder der Musiktherapie – ein Kurzlehrbuch

In diesem Band der „Wiener Beiträge zur Musiktherapie“ wurden 20 Vorträge aus der „Ringvorlesung Musiktherapie“, die während der Studienjahre 2011-2013 an der Universität für Musik und darstellende Kunst Wien gehalten wurden, in überarbeiteter und didaktisch zum Selbststudium aufbereiteter Form zusammengefasst. Somit ist ein aktueller Überblick zu Grundlagen und Praxisfeldern der Musiktherapie entstanden, der den Bogen von der Geschichte und Forschung in der Musiktherapie bis hin zu typischen Einsatzgebieten spannt (von der Neonatologie bis zur Geriatrie). Insgesamt 19 AutorInnen aus Österreich, Deutschland, Norwegen und der Schweiz – erfahrene MusiktherapeutInnen, engagierte und kompetente Hochschullehrende sowie namhafte ForscherInnen – geben mit ihren Beiträgen eine fundierte Einführung in die Musiktherapie mit vielen aktuellen Literaturtipps und Anregungen für die Praxis. Die meisten AutorInnen weisen einen starken Bezug zur Wiener Schule auf.
</marc:subfield>
   </marc:datafield>
   <marc:datafield ind1=" " ind2=" " tag="020">
      <marc:subfield code="a">9783706907279</marc:subfield>
      <marc:subfield code="9">9783706907279</marc:subfield>
   </marc:datafield>
   <marc:datafield ind1=" " ind2=" " tag="041">
      <marc:subfield code="a">ger</marc:subfield>
   </marc:datafield>
   <marc:datafield ind1=" " ind2=" " tag="300">
      <marc:subfield code="a">V, 318 S.</marc:subfield>
   </marc:datafield>
</marc:record>
